| Record ID | marc_loc_2016/BooksAll.2016.part02.utf8:117657333:605 |
| Source | Library of Congress |
| Download Link | /show-records/marc_loc_2016/BooksAll.2016.part02.utf8:117657333:605?format=raw |
LEADER: 00605cam a22002051 4500
001 14007248
003 DLC
005 20040811180037.0
008 740115s1912 xx 000 0 eng
010 $a 14007248
035 $a(OCoLC)776475
040 $aDLC$cOCU$dOCoLC$dDLC
050 00 $aGN738$b.C6
100 1 $aChurchward, Albert.
245 14 $aThe origin and evolution of primitive man.
260 $aLondon,$bG. Allen,$c1912.
300 $a86 p.$b46 plates.$c19 cm.
500 $a"Lecture given at the Royal Societies Club ... February 1912."
650 0 $aPrehistoric peoples.
650 0 $aHuman beings$xOrigin.